Bệnh lý phẫu thuật dạ dày - tá tràng

Na minha lista:
Detalhes bibliográficos
Autor principal: Nguyễn Đình Hối
Formato: Livro
Idioma:Undetermined
Publicado em: Hậu Giang Tổng hợp Hậu Giang [198..]
Assuntos:
Tags: Adicionar Tag
Sem tags, seja o primeiro a adicionar uma tag!
Thư viện lưu trữ: Trung tâm Học liệu Trường Đại học Cần Thơ
LEADER 00544nam a2200169Ia 4500
001 CTU_45994
008 210402s9999 xx 000 0 und d
082 |a 617.553 
082 |b H428 
100 |a Nguyễn Đình Hối 
245 0 |a Bệnh lý phẫu thuật dạ dày - tá tràng 
245 0 |c Nguyễn Đình Hối 
260 |a Hậu Giang 
260 |b Tổng hợp Hậu Giang 
260 |c [198..] 
650 |a stomach - diseases,stomach - surgery 
980 |a Trung tâm Học liệu Trường Đại học Cần Thơ